Revisión y Estudio del Control Interno en una Empresa Fabricante de Calzado /

Збережено в:
Бібліографічні деталі
Автор: Núñez de la Mora, Alberto René (autor)
Формат: Дисертація Книга
Мова:Іспанська
Опубліковано: Guadalajara, México : edición de autor, 1985
Предмети:
Теги: Додати тег
Немає тегів, Будьте першим, хто поставить тег для цього запису!

MARC

LEADER 00000nam^a2200000^a^4500
001 000043999
005 20250521000000.0
009 20260310085836.733
037 |a Acervo ITESO - Biblioteca 
041 |a ESP 
090 |a CPU. 65 
100 |a Núñez de la Mora, Alberto René  |e (autor) 
245 1 0 |a Revisión y Estudio del Control Interno en una Empresa Fabricante de Calzado /  |c A. R. Núnez de la Mora. 
264 1 |a Guadalajara, México :  |b edición de autor,  |c 1985 
300 |a 385 p. 
336 |a texto  |b txt  |2 rdacontenido 
337 |a sin mediación  |b n  |2 rdamedio 
338 |a volumen  |b nc  |2 rdasoporte 
502 |a ITESO Tesis de Licenciatura en Contaduría Pública 
649 |a XX 
650 |a Ciencias Administrativas 
650 |a Industria del Calzado 
910 |a Fondo General 
920 |a Impresos - Tesis del ITESO 
930 |a Colección General 
905 |a 104 
901 |a T007570100  |b IT2  |c TSS  |i 800757  |u 20250521 
902 |a https://opac.biblio.iteso.mx/vufind/Record/000043999